Statistics for Most Populous Countries A-Z (through the alphabet)

Click here to take the quiz!

General Stats

  • This quiz has been taken 44 times
  • The average score is 12 of 24

Answer Stats

Population Country % Correct
A43,590,400Argentina
95%
Y27,478,000Yemen
73%
Z15,933,883Zambia
68%
N10,084Nauru
68%
O4,434,309Oman
68%
V277,500Vanuatu
68%
Q2,587,564Qatar
65%
U3,480,222Uruguay
57%
F5,491,817Finland
57%
D10,075,045Dominican Republic
54%
K1,836,978Kosovo
51%
J2,723,246Jamaica
51%
H8,576,532Honduras
49%
E6,520,675El Salvador
43%
B19,034,397Burkina Faso
41%
G3,720,400Georgia
41%
C18,191,900Chile
41%
I8,515,100Israel
38%
L576,200Luxembourg
35%
M425,384Malta
35%
R4,741,000Rep. of the Congo
32%
P3,814,672Panama
30%
T1,349,667Trinidad & Tobago
24%
S2,064,188Slovenia
14%

Score Distribution

Percentile by Number Answered

Percent of People with Each Score

Your Score History

You have not taken this quiz